[Event "TUR-ch U20"]
[Site "Samsun"]
[Date "2024.05.19"]
[Round "2"]
[White "Hamurcu, Mehmet"]
[Black "Aygin, Kerem"]
[Result "1-0"]
[WhiteElo "1832"]
[BlackElo "1522"]
[PlyCount "43"]
[EventDate "2024.05.18"]
[EventType "swiss"]
[EventRounds "9"]
[EventCountry "TUR"]
[SourceTitle "EXT 2025"]
[Source "ChessBase"]
[SourceDate "2024.10.14"]
[SourceVersion "1"]
[SourceVersionDate "2024.10.14"]
[SourceQuality "1"]

1. e4 c5 2. c3 Nf6 3. e5 Nd5 4. d4 cxd4 5. Bc4 Nb6 6. Bb3 dxc3 7. Nxc3 a6 8. Nf3 e6 9. Bf4 Be7 10. 0-0 Nc6 11. Qe2 g5 12. Be3 Na5 13. Ne4 Nxb3 14. Bxg5 Nd4 15. Nxd4 Bxg5 16. Nd6+ Kf8 17. Qh5 Qe7 18. f4 Bf6 19. Kh1 Nd5 20. f5 Bxe5 21. fxe6 f6 22. Qxe5 1-0